'The' Entertainer II Quiz Stats

 Plays Quiz Updated Oct 30, 2017

Also try: 'The' Entertainer
Challenge
Share
Tweet
Score 0/25 Timer 05:00
5 Plays Today
Answer % Correct
The Big Bang Theory
95.3%
The Office
95.1%
The Incredible Hulk
94.3%
The Fresh Prince of Bel-Air
93%
The Golden Girls
90%
The Flash
80.5%
The Avengers
75.3%
The Dark Side of the Moon
67.4%
The Sims
64.4%
The Dick Van Dyke Show
64.3%
The Very Hungry Caterpillar
62.6%
The Beatles
60.6%
The Great Gatsby
59.6%
Answer % Correct
The Adventures of Tintin
55.9%
The Legend of Zelda
55%
The Oregon Trail
51.9%
The Joshua Tree
50.7%
The Color Purple
46.5%
The Catcher in the Rye
32.5%
The Phantom Tollbooth
24.2%
The Last of Us
21.5%
The Eminem Show
20.7%
The Witcher
18.3%
The Sandman
10.7%
The Joker
7.1%

You're not logged in!

Compare scores with friends on all Sporcle quizzes.
Join for Free
OR
Log In

You Might Also Like...

Show Comments

Extras

Top Quizzes Today


Score Distribution

Your Account Isn't Verified!

In order to create a playlist on Sporcle, you need to verify the email address you used during registration. Go to your Sporcle Settings to finish the process.

Report this User

Report this user for behavior that violates our Community Guidelines.

Details: